书目信息 |
| 题名: |
电磁线制造工艺学
|
|
| 作者: | 陈智文 原著 ;陈海兵 改编 | |
| 分册: | ||
| 出版信息: | 北京 电子工业出版社 2020.01 |
|
| 页数: | XI, 340页 | |
| 开本: | 26cm | |
| 丛书名: | ||
| 单 册: | ||
| 中图分类: | TM245 | |
| 科图分类: | ||
| 主题词: | 电磁线--dian ci xian | |
| 电子资源: | ||
| ISBN: | 978-7-121-37391-6 | |
| 000 | 01026nam0 2200241 450 | |
| 001 | 0100015522 | |
| 005 | 20200929160438.0 | |
| 010 | @a978-7-121-37391-6@dCNY128.00 | |
| 100 | @a20191225d2020 em y0chiy50 ea | |
| 101 | 0 | @achi |
| 102 | @aCN@b110000 | |
| 105 | @aak z 000yy | |
| 106 | @ar | |
| 200 | 1 | @a电磁线制造工艺学@Adian ci xian zhi zao gong yi xue@f陈智文原著@g陈海兵 ... [等] 改编 |
| 210 | @a北京@c电子工业出版社@d2020.01 | |
| 215 | @aXI, 340页@c图@d26cm | |
| 330 | @a本书分为五个章节, 第一章为电磁线的相关论述, 包括用途、分类、历史变革等 ; 第二章主要讲解电磁线制造过程中所需要的原辅材料: 导体材料、绝缘材料等 ; 第三章讲解电磁线生产制造所需的设备, 包含裸线、绕包、漆包、换位、纸包、退火等数十种设备 ; 第四章主要讲解在生产相关产品过程中的工艺技术与相关理论 ; 最后章节介绍了特种电磁线的相关内容。 | |
| 606 | 0 | @a电磁线@Adian ci xian |
| 690 | @aTM245@v5 | |
| 701 | 0 | @a陈智文@Achen zhi wen@4原著 |
| 702 | 0 | @a陈海兵@Achen hai bing@4改编 |
| 801 | 0 | @aCN@c20191225 |
| 905 | @a河南城建学院图书馆@dTM245@f1@eC657 | |
| 电磁线制造工艺学/陈智文原著/陈海兵 ... [等] 改编.-北京:电子工业出版社,2020.01 |
| XI, 340页:图;26cm |
| ISBN 978-7-121-37391-6:CNY128.00 |
| 本书分为五个章节, 第一章为电磁线的相关论述, 包括用途、分类、历史变革等 ; 第二章主要讲解电磁线制造过程中所需要的原辅材料: 导体材料、绝缘材料等 ; 第三章讲解电磁线生产制造所需的设备, 包含裸线、绕包、漆包、换位、纸包、退火等数十种设备 ; 第四章主要讲解在生产相关产品过程中的工艺技术与相关理论 ; 最后章节介绍了特种电磁线的相关内容。 |
| ● |
| 相关链接 |
|
|
|
正题名:电磁线制造工艺学
索取号:TM245/C657
 
预约/预借
| 序号 | 登录号 | 条形码 | 馆藏地/架位号 | 状态 | 备注 |
| 1 | 1491879 | 214918794 | 自科库301/301自科库 10排1列4层/ [索取号:TM245/C657] | 在馆 |